Countries Most Similar To United Kingdom - Statistics

General Stats
  • This quiz has been taken 435 times
  • The average score is 15 of 20
Answer Stats
Rank Country Score % Correct
1 Ireland 83.1
95%
9 France 74.9
92%
4 Germany 80.1
92%
8 Sweden 76.8
87%
2 Netherlands 82.0
86%
7 Norway 77.2
86%
16 Spain 72.0
86%
3 Denmark 80.7
85%
5 Belgium 79.3
84%
10 Australia 74.8
80%
13 Canada 73.2
79%
19 Italy 71.1
79%
18 Finland 71.5
75%
11 New Zealand 74.5
74%
12 Austria 74.0
73%
15 Switzerland 72.6
73%
17 Poland 71.9
69%
6 Luxembourg 78.9
65%
14 Czech Republic 72.8
47%
20 Slovenia 71.0
33%
No matching quizzes found
Score Distribution
Percent of People with Each Score
Percentile by Number Answered
Your Score History
You have not taken this quiz